Normal view
MARC view
- Repair/Rehabilitation of Concrete Structures Using Polymers
Entry Topical Term
001 - CONTROL NUMBER
- control field: 47532
003 - CONTROL NUMBER IDENTIFIER
- control field: NUST
005 - DATE AND TIME OF LATEST TRANSACTION
- control field: 20210314133838.0
008 - FIXED-LENGTH DATA ELEMENTS
- fixed length control field: 210314|| aca||aabn | a|a d
040 ## - CATALOGING SOURCE
- Original cataloging agency: NUST
- Transcribing agency: NUST
150 ## - HEADING--TOPICAL TERM
- Topical term or geographic name entry element: Repair/Rehabilitation of Concrete Structures Using Polymers
- Topical term following geographic name entry element: Project
670 ## - SOURCE DATA FOUND
- Source citation: Work cat.: (NUST): Repair/Rehabilitation of Concrete Structures Using Polymers 47531, Repair/Rehabilitation of Concrete Structures Using Polymers
